Manual elemental de derecho civil del Ecuador: contratos I, compraventa, permuta, cesión de derechos, donación tomo 7

Λεπτομέρειες βιβλιογραφικής εγγραφής
Κύριος συγγραφέας: Larrea H., Juan. (Larrea Holguín), 1927-2006
Μορφή: Εργαλειοθήκη
Γλώσσα:Spanish
Έκδοση:edición corregida y actualizada
Σειρά:Cátedra
Θέματα:

MARC

LEADER 00000csc a2200000 a 4500
001 107497-7
003 Ucuenca
005 20230308215134.0
008 009120|2008 ec |||||r|||||||||||spa||
020 |a 9789978868065 
040 |b spa 
041 0 |a es 
082 0 |a 340.56 
100 1 |a Larrea H., Juan.  |q (Larrea Holguín),   |d 1927-2006  |9 42867 
245 |a Manual elemental de derecho civil del Ecuador:  |b contratos I, compraventa, permuta, cesión de derechos, donación  |c Juan Larrea Holguín  |h imp  |n tomo 7 
250 |a edición corregida y actualizada 
264 |a Quito  |b Corporación de Estudios y Publicaciones  |c 2008 
300 |a 375 páginas:  |c 20.5 cm 
490 |a Cátedra  |n no. 7 
650 0 |a Derecho ecuatoriano  |9 8670 
650 0 |a Contratos  |9 11619 
650 0 |a Compraventa  |9 42763 
650 0 |a Contrato de permuta  |9 140289 
650 4 |a Derecho penal  |9 9222 
650 0 |a Donaciones  |9 41350 
852 |a UC-CDJBV  |f Compra  |l 1  |m General  |p 20091201  |q 24,38  |r 2  |t 107497-7  |y 287221  |b 0  |d CDRC  |e CDRC  |g 340.56 PRIMER PISO  |z 2009-91-20 
942 |c CR  |0 8  |2 ddc  |z diana.fajardo@ucuenca.edu.ec 
999 |c 129928  |d 129928